LEADER 00649nab a2200145 i 4500 001 000000269915 003 CaOOAMICUS 005 20081103000000.0 008 081103n xx uu u0 0und r 013 $a16025 040 $aSeMil$bita 245 13$aLe nuove relazioni al tempo delle nuove tecnologie :$bdal Messaggio del Papa al corto di de Oliveira. - 31 p. - Titolo dalla copertina. 500 $aNovembre 2008. 773 0 $t[2006-2008.$dRoma : CiSCS, copyr. 2006-2008.$w()148896 996 $6245$aLe nuove relazioni al tempo delle nuove tecnologie :$bdal Messaggio del Papa al corto di de Oliveira. - 31 p. - Titolo dalla copertina.$9(OLS)http://semarc/title/359270 LEADER 00944nam a2200241 i 4500 001 000000018865 003 CaOOAMICUS 005 20260327163056.0 008 180830s1976 it u000 u ita u 040 $aSeMil$bita 245 10$aLetteratura francese :$bi contemporanei /$copera diretta da Massimo Colesanti, Luigi De Nardis. 264 1$aRoma :$bLucarini,$c1976. 300 $av. ;$c25 cm. 650 4$aLetteratura francese - Sec. 20.$0(OLS)http://semarc/subject/2993 700 1 $aDe Nardis, Luigi.$0(OLS)http://semarc/name/8452 700 1 $aColesanti, Massimo,$d<1926-2016>.$0(OLS)http://semarc/name/8451 774 0 $t[Vol. 1].$w()167419 774 0 $t[Vol. 2].$w()167426 774 0 $tVol. 3.1.$w()167428 774 0 $tVol. 3.2.$w()167429 996 $6245$aLetteratura francese :$bi contemporanei$9(OLS)http://semarc/title/24824 996 $6264$aRoma :$bLucarini$9(OLS)http://semarc/publisher/30716